| 000 | 00959nam a22003017a 4500 | ||
|---|---|---|---|
| 003 | CHAP | ||
| 005 | 20220329141609.0 | ||
| 008 | 971013s1963 r 00010 d | ||
| 010 | _a70742 | ||
| 011 | _a71714 | ||
| 035 | _a81268 | ||
| 040 | _cCHAP | ||
| 082 |
_a575.107 _bD37 |
||
| 100 | 0 | 0 |
_aDarlington, Cyril Dean. _931088 |
| 245 | _aTeaching genetics | ||
| 260 |
_aEdinburgh : _bOliver & Boyd, _c1963 |
||
| 300 |
_a117 p. _b: ilus. |
||
| 590 |
_aBATCH-UPD _b10 _c20130110 _lUCH01 _h0330 |
||
| 590 |
_aBATCH-UPD _b10 _c20130410 _lUCH01 _h0003 |
||
| 590 |
_aBATCH-UPD _b10 _c20130914 _lUCH01 _h0746 |
||
| 590 |
_aCONVERSION _b10 _c20130109 _lUCH01 _h1339 |
||
| 650 | 1 | 4 |
_aGenética _xEstudio y enseñanza. _947474 |
| 700 | 0 |
_aBradshaw, A. D. _914966 |
|
| 901 | _aBK | ||
| 942 | _cLIBRO | ||
| 949 |
_a575.107 D37 _bBC _cLIBRO _d33724000461554 _eLIBRO _h26408 _i81268 _si _t47.25 |
||
| 949 |
_a575.107 D37 _bBC _cLIBRO _d33724000461679 _eLIBRO _fc.2 _h12604 _i81268 _si _t47.25 |
||
| 999 |
_c70742 _d70742 |
||